Impuestos diferidos (ISR) Determinacin̤ prc̀tica de la aplicacin̤ NIF-D4 2019 /

Detalles Bibliográficos
Autor principal: Přez Chv̀ez, Još
Otros Autores: Fol Olgun̕, Raymundo
Formato: eBook
Lenguaje:español
Publicado: Ciudad de Mx̌ico: Tax Editores, 2019
Materias:
Acceso en línea:Acceso restringido

MARC

LEADER 00000nam a22000007a 4500
005 20190515012329.0
007 cr|||| ||||
008 190515s2019 mx |||||s|||| 00||0 spa d
020 |a 978-607-629-378-2 
035 |a 23406 
040 |a vLex 
090 |c 8710  |d 8710 
100 1 |a Přez Chv̀ez, Još 
245 1 0 |a Impuestos diferidos (ISR)  |h [Recurso electrn̤ico] :  |b Determinacin̤ prc̀tica de la aplicacin̤ NIF-D4 2019 /  |c Jos ̌Přez Chv̀ez, Raymundo Fol Olgun̕ 
256 |a Servicio en ln̕ea 
260 |a Ciudad de Mx̌ico:  |b Tax Editores,  |c 2019 
300 |a 1 recurso electrn̤ico 
500 |a El objetivo primordial de esta obra es facilitar a los lectores la comprensin̤ de las disposiciones contenidas en la NIF D-4, denominada “Impuestos a la utilidad”, lo cual se logra mediante la exposicin̤ clara y sencilla del marco ter̤ico relativo, as ̕como a travš de diversos casos prc̀ticos. En este libro se muestran: a) El adecuado registro en los estados financieros del impuesto a la utilidad causado (ISR). b) El mťodo de cl̀culo del impuesto a la utilidad diferido (ISR). c) El adecuado registro en los estados financieros del impuesto a la utilidad diferido (ISR). El presente volumen est ̀dirigido a las personas encargadas de preparar y analizar los estados financieros de las empresas, a los asesores fiscales, estudiantes y, en general, a todos los interesados en el tema. 
506 1 |a Disponible solo en los productos indicados  |d vLex Global  |d vLex Global (Academic Edition, excluding Law Schools)  |d vLex Global (U.S. Academic Edition, Law Schools)  |d vLex Global (U.S. Academic Edition, excluding Law Schools)  |d vLex Global (Academic Edition, Law Schools) 
650 0 4 |a Derecho Fiscal  |z Mx̌ico 
700 1 |a Fol Olgun̕, Raymundo 
740 0 |a vLex Libros (Servicio en ln̕ea) 
856 4 0 |u http://vlex.com/source/impuestos-diferidos-isr-determinacion-practica-de-la-aplicacion-nif-d4-2019-23406  |z Acceso restringido 
942 |c BOOK 
999 0 |a Tax Law